000 01081nas a2200277 4500
001 BR8202186
003 BR-BrBNA
005 20231205085133.0
007 ta
008 230509b bl.|||p| |||| 00| 00por d
040 _aBR-BrBNA
_bpor
_cBiblioteca Nacional de Agricultura
041 _a(Pt)
072 _aH20
100 1 _aFigueiredo, J.M. de
100 1 _aLellis, W.T. (Centro de Pesquisas do Cacau, Ilheus, BA (Brazil))
245 1 _aControle da podridao parda do cacaueiro com novas formulacoes de fungicidas a base de cobre empregados a alto e baixo volumes [Theobroma cacao, Phytophthora palmivora]
246 1 _aThe control of brown rot of cacao with copper fungicides sprayed in high and low volumes [Theobroma cacao, Phytophthora palmivora]
650 _aCACAU
650 _aFUNGICIDA
650 _aPODRIDAO PARDA
650 _aCONTROLE QUIMICO
773 0 _tRevista Theobroma (Brazil)
_xISSN 0370-7962
_g(Jan 1981), v. 11(1) p. 33-38
_wBR8202186
856 4 0 _dLink DSPACE/MAPA BR8202186
909 _a202311
_bLúcia
_c55
_dLúcia Elande
942 _2AGRIS
_n0
_cANA
999 _c109454
_d109454